| 000 | 00635nam a2200217 a 4500 | ||
|---|---|---|---|
| 005 | 20240831063744.0 | ||
| 008 | 120426s2005 es r 000 0 spa d | ||
| 020 | _a8428527644 | ||
| 035 | _aUPN01000184288 | ||
| 049 | _aI | ||
| 050 | 4 |
_aPQ6663 U4.8 _bL8.9 |
|
| 100 | 1 |
_aMuñoz Puelles, Vicente, _d1948- _932146 |
|
| 245 | 1 | 3 |
_aLa luz del faro / _cVicente Muñoz Puelles ; il. Nivio López Vigil. |
| 260 |
_aMadrid : _bSan Pablo, _c2005. |
||
| 300 |
_a85 p. : _bil. col. |
||
| 440 | 3 |
_aLa brújula. _pNaranja ; _v3 |
|
| 650 | 4 |
_aCuentos infantiles españoles _97725 |
|
| 905 | _aInfantil | ||
| 999 |
_c156391 _d156391 |
||